Universitäten, die Meteorologie anbieten - Statistiken

Allgemein
  • Dieses Quiz wurde 58 mal gespielt
  • Das Durchschnittsergebnis liegt bei 5 aus 7
Antwortstatistiken
Universität % Korrekt
Freie Universität Berlin
92%
Universität Hamburg
82%
Universität Leipzig
82%
Johann Wolfgang Goethe-Universität Frankfurt am Main
74%
Johannes Gutenberg-Universität Mainz
53%
Karlsruher Institut für Technologie
53%
Rheinische Friedrich-Wilhelms-Universität Bonn
50%
Keine übereinstimmenden Quizze gefunden
Verteilung der Resultate
Anzahl Personen mit jedem Resultat
Perzentil nach korrekt beantworteten Fragen
Ihre Resultats-Entwicklung
Sie haben dieses Quiz noch nicht gespielt